বর্গীকরণ : (Record no. 4819)

MARC details
000 -LEADER
fixed length control field 00841nam a22002057a 4500
001 - CONTROL NUMBER
control field BD-DhSAU 4819
003 - CONTROL NUMBER IDENTIFIER
control field BD-DhSAU
005 - DATE AND TIME OF LATEST TRANSACTION
control field 20150226121423.0
008 - FIXED-LENGTH DATA ELEMENTS--GENERAL INFORMATION
fixed length control field 150226b1986 ii ||||r|||| 000 0 ben d
040 ## - CATALOGING SOURCE
Original cataloging agency BD-DhSAU
082 ## - DEWEY DECIMAL CLASSIFICATION NUMBER
Edition number 22
Classification number ---
Item number চক্রব
100 ## - MAIN ENTRY--PERSONAL NAME
Personal name চক্রবর্তী, ভুবনেশ্বর
245 ## - TITLE STATEMENT
Title বর্গীকরণ :
Remainder of title স্মৃতি স্বরূপ সত্তা /
Statement of responsibility, etc. ডক্টর ভুবনেশ্বর চক্রবর্তী
260 ## - PUBLICATION, DISTRIBUTION, ETC. (IMPRINT)
Place of publication, distribution, etc. কলিকাতা :
Name of publisher, distributor, etc. দি ওয়ার্ল্ড প্রেস,
Date of publication, distribution, etc. ১৯৮৬.
300 ## - PHYSICAL DESCRIPTION
Extent x, ২১২ পৃ. :
Other physical details চিত্র ;
Dimensions ২২ সেমি।
590 ## - Name of Cataloguer
Name of Cataloger joy
650 ## - SUBJECT ADDED ENTRY--TOPICAL TERM
Topical term or geographic name as entry element Bengali LIterature.
650 ## - SUBJECT ADDED ENTRY--TOPICAL TERM
Topical term or geographic name as entry element বাংলা সাহিত্য।
650 ## - SUBJECT ADDED ENTRY--TOPICAL TERM
Topical term or geographic name as entry element বর্গীকরণ।
942 ## - ADDED ENTRY ELEMENTS (KOHA)
Source of classification or shelving scheme Dewey Decimal Classification
Koha item type Book
Holdings
Withdrawn status Lost status Source of classification or shelving scheme Damaged status Not for loan Home library Branch Name Shelving location Date acquired Total Checkouts Full call number Barcode Date last seen Price effective from Koha item type
    Dewey Decimal Classification     SAU Library SAU Library Reference 20/06/1990   --- চক্রব 15526 26/02/2015 26/02/2015 Book